Have U Found What Ur Looking For?- Ashton Irwin (All Lyrics) - Statistics

General Stats
  • This quiz has been taken 13 times
  • The average score is 148 of 235
Answer Stats
HYFWYLF % Correct
a
100%
A
100%
for?
100%
for
100%
found
100%
Chorus | Outro Have
100%
looking
100%
what
100%
you
100%
Pre-Chorus Your
100%
I
80%
on
80%
the
80%
you're
80%
hopin'
70%
I'm
70%
it
70%
make
70%
sense
70%
that
70%
could
60%
day
60%
maybe
60%
me
60%
one
60%
to
60%
Who
60%
who
60%
will
60%
Will
60%
am?
50%
and
50%
love
50%
of
50%
show
50%
someone
50%
start
50%
up
50%
at
40%
emotionally
40%
ever
40%
find
40%
God
40%
goddamn
40%
had
40%
hazy
40%
Bridge Liquid
40%
my
40%
Oh
40%
oh
40%
stairs
40%
top
40%
unaware
40%
won't
40%
Won't
40%
bathroom
30%
blissful
30%
brand
30%
consequence
30%
dinner?
30%
dream
30%
Everest
30%
every
30%
eyes
30%
fence
30%
giving
30%
grows
30%
hair
30%
harvest
30%
has
30%
if
30%
is
30%
I've
30%
man
30%
mind
30%
new
30%
open
30%
out?
30%
soul
30%
spinning
30%
spoken
30%
thinner
30%
Verse 1 Tied
30%
tiger's
30%
voice
30%
Waiting
30%
way?
30%
way
30%
while
30%
with
30%
Always
20%
beat
20%
clearer
20%
conscience
20%
cut
20%
deeper
20%
down
20%
faithful
20%
full
20%
Golden
20%
Headaches
20%
Verse 2 Heartbreak's
20%
He's
20%
lady
20%
lifeless
20%
not
20%
see
20%
stare
20%
stone
20%
useful
20%
wanting
20%
No matching quizzes found
Score Distribution
Percent of People with Each Score
Percentile by Number Answered
Your Score History
You have not taken this quiz